00318nam a2200121Ia 4500003000400000005001700004008004100021020002100062040002700083100002000110245003800130260002800168OSt20240330110325.0170523s9999 xx 000 0 und d a 978-8173194283  cIIMT UNIVERSITY MEERUT aDubey- Gopal K. 0aFundamentals of Electrical Drives aNarosa Publishing House